<?xml version="1.0" encoding="UTF-8"?>
<collection xmlns="http://www.loc.gov/MARC21/slim">
    <record>
        <controlfield tag="001">46293</controlfield>
        <controlfield tag="005">20170831220534.0</controlfield>
        <datafield tag="037" ind1=" " ind2=" ">
            <subfield code="a">GDOC-2010-0750</subfield>
        </datafield>
        <datafield tag="041" ind1=" " ind2=" ">
            <subfield code="a">spa</subfield>
        </datafield>
        <datafield tag="245" ind1="0" ind2="0">
            <subfield code="9">60337</subfield>
            <subfield code="a">Metodologías de evaluación de calidad durabilidad en materiales pétreos de usos constructivos</subfield>
        </datafield>
        <datafield tag="260" ind1=" " ind2=" ">
            <subfield code="a">Zaragoza</subfield>
            <subfield code="b">Universidad de Zaragoza</subfield>
            <subfield code="c">2010-2011</subfield>
        </datafield>
        <datafield tag="520" ind1=" " ind2=" ">
            <subfield code="a">En esta asignatura se pretende que los alumnos, partiendo de los conocimientos generales alcanzados en su formación de licenciatura/grado, adquieran las metodologías necesarias para  Caracterizar un material pétreo Evaluar su idoneidad para un uso constructivo y, de forma más general, su potencial de aplicación industrial Estimar el comportamiento estático y dinámico del mismo. Caracterizar las patologías. Establecer un indice de calidad en función del comportamiento y el uso Foto: Cartografía de sales en paramento de ladrillo (La Seo, Zaragoza)  </subfield>
        </datafield>
        <datafield tag="521" ind1=" " ind2=" ">
            <subfield code="9">601</subfield>
            <subfield code="a">Máster Universitario en Iniciación a la Investigación en Geología</subfield>
        </datafield>
        <datafield tag="540" ind1=" " ind2=" ">
            <subfield code="a">by-nc-sa</subfield>
            <subfield code="b">Creative Commons</subfield>
            <subfield code="c">3.0</subfield>
            <subfield code="u">http://creativecommons.org/licenses/by-nc-sa/3.0/</subfield>
        </datafield>
        <datafield tag="700" ind1=" " ind2=" ">
            <subfield code="0">(orcid)0000-0002-3276-5871</subfield>
            <subfield code="a">Gisbert Aguilar, José</subfield>
        </datafield>
        <datafield tag="830" ind1=" " ind2=" ">
            <subfield code="9">337</subfield>
        </datafield>
        <datafield tag="856" ind1="4" ind2=" ">
            <subfield code="s">180485</subfield>
            <subfield code="u">http://zaguan.unizar.es/record/46293/files/guia.pdf</subfield>
            <subfield code="y">Guía (idioma español)</subfield>
        </datafield>
        <datafield tag="980" ind1=" " ind2=" ">
            <subfield code="a">GDOC</subfield>
            <subfield code="b">Ciencias</subfield>
            <subfield code="c">100</subfield>
        </datafield>
    </record>

    
</collection>